| 000 | 00926nam a2200241Ia 4500 | ||
|---|---|---|---|
| 001 | 20196 | ||
| 003 | GE_BSU | ||
| 008 | 181216s||||||||xx |||||||||||||| ||und|| | ||
| 040 | _cGE_BSU | ||
| 080 | _a544(076.5) | ||
| 100 | _aკოკოჩაშვილი, ვიქტორ | ||
| 245 | _aფიზიკური ქიმიის ლაბორატორიული სახელმძღვანელო | ||
| 245 | _cრედ. შ. სიდამონიძე | ||
| 250 | _aმე-2 გადამუშ. გამოც. | ||
| 260 | _aთბილისი | ||
| 260 | _bთბილ. უნ-ტის გამ-ბა | ||
| 260 | _c1980 | ||
| 300 | _a450გვ. : ილ. ; 22სმ.. | ||
| 541 | _h5 ლ. | ||
| 653 | _aფიზიკური ქიმიის ლაბორატორიული სახელმძღვანელო | ||
| 653 | _aქიმია | ||
| 942 | _cBK | ||
| 999 |
_c53157 _d53157 |
||